|
|
|
|
| LEADER |
01124nam a2200265 a 4500 |
| 001 |
3502444 |
| 008 |
090910s1998 ii b 001 0 eng d |
| 010 |
|
|
|a 94903376
|
| 020 |
|
|
|a 0195644549
|
| 040 |
|
|
|a DLC
|c DLC
|d DLC
|
| 082 |
0 |
0 |
|a 304.2/8
|2 20
|
| 245 |
0 |
0 |
|a Social ecology /
|c edited by Ramachandra Guha.
|
| 260 |
|
|
|a New Delhi ;
|a New York :
|b Oxford University Press,
|c 1998.
|
| 300 |
|
|
|a x, 398 p. ;
|c 23 cm.
|
| 490 |
0 |
|
|a Oxford in India Readings in sociology and social anthropology.
|
| 504 |
|
|
|a Includes bibliographical references and index.
|
| 541 |
1 |
|
|e 00011546
|
| 650 |
|
0 |
|a Social ecology
|z India.
|
| 650 |
|
0 |
|a Environmental policy
|x Social aspects
|z India.
|
| 700 |
1 |
|
|a Guha,Ramachandra.
|
| 852 |
4 |
|
|a Ayesha Abed Library
|j General shelf
|
| 942 |
0 |
0 |
|0 1
|
| 999 |
|
|
|c 4161
|d 4161
|
| 952 |
|
|
|0 0
|1 0
|2 ddc
|4 0
|6 304_280000000000000_SOC_1998
|7 0
|9 3828
|a BRACUL
|b BRACUL
|c GEN
|d 2009-10-03
|g 383.00
|l 0
|o 304.28 SOC
|p 3010011546
|r 2009-10-03
|t 1
|w 2009-10-03
|y BK
|
| 952 |
|
|
|0 0
|1 0
|2 ddc
|4 0
|6 304_280000000000000_SOC_1998
|7 0
|9 9555
|a BRACUL
|b BRACUL
|c GEN
|d 2010-04-29
|l 3
|m 14
|o 304.28 SOC
|p 3010008096
|r 2025-04-22
|s 2025-04-22
|t 2
|w 2010-04-29
|y BK
|